000
00294nam a2200121Ia 4500
005
20251222144907.0
008
251222s9999||||xx |||||||||||||| ||spa||
082
_a
869.569/V23E
100
_a
Vallejo, César
245
0
_a
Trilce - Escalas Melografiadas
264
_b
Espasa Calpe
942
_c
LIB
999
_c
22212
_d
22212